LIBRARY & INFORMATION CENTRE, KCAET, TAVANUR

ONLINE PUBLIC ACCESS CATALOGUE (OPAC)

Cross currents in English Literatureof the XVII th century / (Record no. 11363)

MARC details
000 -LEADER
fixed length control field 00452cam a2200169ua 4500
041 ## - LANGUAGE CODE
Language code of text/sound track or separate title eng
082 ## - DEWEY DECIMAL CLASSIFICATION NUMBER
Classification number 828.09
Item number GRI/CR
100 ## - MAIN ENTRY--AUTHOR NAME
Personal name Grierson, J.C .
245 ## - TITLE STATEMENT
Title Cross currents in English Literatureof the XVII th century /
260 ## - PUBLICATION, DISTRIBUTION, ETC. (IMPRINT)
Place of publication London :
Name of publisher Chatto and Windus ,
Year of publication 1965.
300 ## - PHYSICAL DESCRIPTION
Number of Pages 343 ; .
700 1# - ADDED ENTRY--PERSONAL NAME
Personal name Herbert, .
942 ## - ADDED ENTRY ELEMENTS (KOHA)
Koha item type Books
Holdings
Withdrawn status Lost status Damaged status Home library Current library Date acquired Full call number Accession Number Koha item type Cost, normal purchase price Public note
Withdrawn     KAUAET Central Prison Tavanur 07/04/2012 828.09 GRI/CR 11851 Books    
Withdrawn     KAUAET Malayalam University 07/04/2012 828.09 GRI/CR 6968 Books 21.00 Transferred to Malayalam University
free website counter